[Event "XLIII Festival A"]
[Site "Imperia ITA"]
[Date "2001.09.03"]
[Round "2"]
[White "Gross, David"]
[Black "Luciani, Carlo"]
[WhiteElo "2465"]
[BlackElo "2217"]
[Result "1/2-1/2"]
[PlyCount "108"]
[EventDate "2001.09.02"]

1. e4 e5 2. Nf3 Nc6 3. Bb5 a6 4. Ba4 Nf6 5. O-O Nxe4 6. d4 b5 7. Bb3 d5 8. dxe5
Be6 9. c3 Nc5 10. Bc2 Bg4 11. Re1 Qd7 12. Nbd2 Rd8 13. h3 Bh5 14. Nf1 d4 15.
Ng3 Bg6 16. Bxg6 hxg6 17. cxd4 Nxd4 18. Bg5 Be7 19. Bxe7 Kxe7 20. Ne4 Nde6 21.
Nxc5 Qxd1 22. Rexd1 Rxd1+ 23. Rxd1 Nxc5 24. Nd4 Re8 25. f4 Ne6 26. Nc6+ Kf8 27.
g3 a5 28. Rd5 a4 29. Rxb5 Ra8 30. Kf2 Ke8 31. Ke3 Kd7 32. Nd4 Nxd4 33. Kxd4 Ke6
34. Rb7 Kd7 35. Kc5 f6 36. Kd5 Ra5+ 37. Ke4 Rc5 38. Rb4 Rc2 39. h4 Rg2 40. Kf3
Rc2 41. Rxa4 Rxb2 42. Ra6 Ke7 43. g4 Rh2 44. g5 fxe5 45. fxe5 Rxh4 46. Rxg6 Kf8
47. Rc6 Ra4 48. Rxc7 Rxa2 49. Ke4 Ra6 50. Kd5 Rb6 51. Rc6 Rb8 52. g6 Ra8 53.
Rc7 Ra6 54. Rc6 Rxc6 1/2-1/2

[Event "XLIII Festival A"]
[Site "Imperia ITA"]
[Date "2001.09.03"]
[Round "2"]
[White "Ianniello, Riccardo"]
[Black "Vrana, Frantisek"]
[WhiteElo "2309"]
[BlackElo "2312"]
[Result "1/2-1/2"]
[PlyCount "58"]
[EventDate "2001.09.02"]

1. e4 e6 2. Nf3 d5 3. e5 c5 4. c3 Nc6 5. Bb5 Bd7 6. a4 Qc7 7. Bxc6 Bxc6 8. d4
cxd4 9. cxd4 b5 10. axb5 Bxb5 11. Nc3 Bb4 12. Bd2 Bxc3 13. Bxc3 Ne7 14. Ng1 O-O
15. Ne2 f6 16. exf6 Rxf6 17. O-O Nf5 18. Qd2 Nd6 19. f3 Nc4 20. Qc1 Rh6 21. h3
Nd6 22. Rf2 Nf5 23. Bd2 Qxc1+ 24. Rxc1 Rf6 25. Bc3 Rc8 26. Kh2 Rf7 27. Re1 g5
28. Nc1 Rc6 29. Nb3 Rf6 1/2-1/2

[Event "XLIII Festival A"]
[Site "Imperia ITA"]
[Date "2001.09.03"]
[Round "2"]
[White "Malano, Francesco"]
[Black "Papan, Cyril"]
[WhiteElo "2043"]
[BlackElo "2165"]
[Result "1/2-1/2"]
[PlyCount "108"]
[EventDate "2001.09.02"]

1. Nf3 Nf6 2. g3 g6 3. b3 Bg7 4. Bb2 O-O 5. Bg2 d6 6. d4 c6 7. c4 Nbd7 8. O-O
Qc7 9. Nc3 e5 10. dxe5 dxe5 11. e4 Nc5 12. Qe2 Rd8 13. Rad1 Bg4 14. h3 Bxf3 15.
Qxf3 Ne6 16. Qe3 Nd4 17. Rd2 Nd7 18. Ne2 Ne6 19. Rfd1 Bf8 20. Bc3 Bc5 21. Qf3
a5 22. h4 Be7 23. Bh3 Ndf8 24. Rxd8 Rxd8 25. Rxd8 Bxd8 26. Nc1 c5 27. Bxe6 Nxe6
28. Nd3 f6 29. Kf1 Qd6 30. Qe3 b6 31. Ke2 Bc7 32. a4 Qd7 33. Ne1 Nf8 34. Nc2
Ne6 35. Qd3 Nd4+ 36. Bxd4 exd4 37. Ne3 Bd8 38. Nd5 Qg4+ 39. Qf3 Qxf3+ 40. Kxf3
h5 41. g4 hxg4+ 42. Kxg4 f5+ 43. exf5 gxf5+ 44. Kxf5 Bxh4 45. f3 d3 46. Ke4 d2
47. Nc3 Bf6 48. Nd1 Bg5 49. f4 Bh6 50. Ke3 Kf7 51. Kxd2 Bxf4+ 52. Kd3 Ke6 53.
Ke4 Bd2 54. Nf2 Bg5 1/2-1/2

[Event "XLIII Festival A"]
[Site "Imperia ITA"]
[Date "2001.09.03"]
[Round "2"]
[White "Parolini, Ambrogio"]
[Black "Wurm, Christoph"]
[WhiteElo "1917"]
[BlackElo "2184"]
[Result "1/2-1/2"]
[PlyCount "93"]
[EventDate "2001.09.02"]

1. d4 d5 2. c4 e6 3. Nc3 c6 4. cxd5 exd5 5. Nf3 Nf6 6. Bg5 Be7 7. e3 Bf5 8. Bd3
Bxd3 9. Qxd3 Nbd7 10. O-O O-O 11. Rfc1 Ne4 12. Bxe7 Qxe7 13. a3 f5 14. b4 a6
15. Na4 b5 16. Nc5 Nexc5 17. dxc5 a5 18. Qc3 a4 19. Re1 Rae8 20. Rad1 Rf6 21.
Qd3 Qf7 22. Qc3 Rh6 23. Rd4 Qf6 24. Rd3 Qe7 25. Nd4 Qf7 26. Nf3 Qh5 27. h3 g5
28. Kf1 g4 29. Ng1 Nf6 30. Rd4 Ne4 31. Qc2 Kf7 32. Re2 Rg8 33. hxg4 Rxg4 34. g3
Qh1 35. Rxe4 fxe4 36. Qb2 Rh2 37. Qe5 Qg2+ 38. Ke1 Qxg1+ 39. Kd2 Rxf2 40. Qh5+
Rg6 41. Qxh7+ Kf6 42. Qh8+ Ke6 43. Qe8+ Kf5 44. Qf7+ Rf6 45. Qh5+ Ke6 46. Qe8+
Kf5 47. Qh5+ 1/2-1/2

[Event "XLIII Festival A"]
[Site "Imperia ITA"]
[Date "2001.09.03"]
[Round "2"]
[White "Pernigotti, Carlo"]
[Black "Svacina, Petr"]
[WhiteElo "2156"]
[BlackElo "2056"]
[Result "1-0"]
[PlyCount "53"]
[EventDate "2001.09.02"]

1. e4 e5 2. Nf3 Nc6 3. d4 exd4 4. Nxd4 Bc5 5. Nxc6 Qf6 6. Qd2 Qxc6 7. Bd3 b6 8.
O-O Bb7 9. c4 O-O-O 10. Nc3 Bb4 11. a3 Bxc3 12. Qxc3 Nf6 13. f3 Qc5+ 14. Rf2 d6
15. Qc2 Nd7 16. b4 Qh5 17. Be3 Rde8 18. Bd4 Ne5 19. Be2 Nc6 20. Bb2 Qg6 21. Qa4
Kb8 22. c5 dxc5 23. bxc5 Rd8 24. Rc1 Rhg8 25. Bb5 Na5 26. Be5 Ka8 27. c6 1-0

[Event "XLIII Festival A"]
[Site "Imperia ITA"]
[Date "2001.09.03"]
[Round "2"]
[White "Semeria, Marco"]
[Black "Drazic, Sinisa"]
[WhiteElo "2078"]
[BlackElo "2480"]
[Result "0-1"]
[PlyCount "64"]
[EventDate "2001.09.02"]

1. e4 c6 2. d4 d5 3. exd5 Qxd5 4. Nc3 Qa5 5. Bd3 Nf6 6. Nge2 g6 7. O-O Bg7 8.
Bf4 O-O 9. Qd2 Bf5 10. Bxf5 Qxf5 11. Ng3 Qd7 12. Rad1 Na6 13. Nge4 Rad8 14.
Nxf6+ Bxf6 15. Ne4 Bg7 16. c3 Qd5 17. Rfe1 Qxa2 18. Bh6 Qd5 19. Bxg7 Kxg7 20.
Qf4 c5 21. Qh4 Rfe8 22. Rd3 cxd4 23. Rxd4 Qe6 24. Rxd8 Rxd8 25. f3 h6 26. Kh1
Qd7 27. b4 Qc7 28. Ng3 Qxc3 29. Qxe7 Rd7 30. Qe8 Nc7 31. Qe4 Ne6 32. h4 Qd4 0-1

[Event "XLIII Festival A"]
[Site "Imperia ITA"]
[Date "2001.09.03"]
[Round "2"]
[White "Stoppa, Omar"]
[Black "Sulava, Nenad"]
[WhiteElo "2218"]
[BlackElo "2531"]
[Result "1/2-1/2"]
[PlyCount "78"]
[EventDate "2001.09.02"]

1. e4 g6 2. d4 Bg7 3. Nf3 d6 4. c3 Nf6 5. Bd3 O-O 6. O-O c5 7. h3 Qc7 8. Bf4 c4
9. Bc2 Nbd7 10. e5 Nd5 11. exd6 exd6 12. Bh2 N7f6 13. a4 Bd7 14. Nbd2 h6 15.
Re1 a6 16. a5 Bb5 17. Ne4 Nxe4 18. Bxe4 Nf6 19. Nd2 Rae8 20. Bf3 Rxe1+ 21. Qxe1
Re8 22. Qf1 Bf8 23. Be2 Rc8 24. Bf3 Qd7 25. Ne4 Nxe4 26. Bxe4 Bc6 27. Bxc6 Qxc6
28. Qe2 Re8 29. Qd2 Qd5 30. Bf4 Kh7 31. Re1 Re6 32. Rxe6 fxe6 33. Qe2 Qf5 34.
Bg3 d5 35. Kh2 Be7 36. Qd1 Qf8 37. Qa4 Qc8 38. Be5 h5 39. g4 hxg4 1/2-1/2

[Event "XLIII Festival A"]
[Site "Imperia ITA"]
[Date "2001.09.03"]
[Round "2"]
[White "Todor, Razvan"]
[Black "Jirovsky, Milos"]
[WhiteElo "2217"]
[BlackElo "2450"]
[Result "1/2-1/2"]
[PlyCount "91"]
[EventDate "2001.09.02"]

1. e4 d5 2. exd5 Qxd5 3. Nc3 Qd6 4. d4 Nf6 5. Bc4 a6 6. Bb3 Nc6 7. Nge2 Bf5 8.
Bf4 Qd7 9. Qd2 Na5 10. O-O e6 11. Ng3 Bg6 12. Rfe1 Bb4 13. Be5 Nxb3 14. axb3
Nd5 15. h4 f6 16. Bf4 O-O-O 17. Ra4 Rhe8 18. Nge2 Bh5 19. Ng3 Bf7 20. Nge2 h6
21. Bg3 e5 22. dxe5 fxe5 23. Qd3 e4 24. Qd4 Nxc3 25. Qxd7+ Rxd7 26. Rxb4 Nd5
27. Rd4 e3 28. c4 exf2+ 29. Bxf2 Nb4 30. Rxd7 Kxd7 31. Rd1+ Kc8 32. Nd4 Bg6 33.
Rd2 Nd3 34. Bg3 Nc5 35. Bf4 Rd8 36. Be5 Rd7 37. Rf2 Nd3 38. Rf8+ Rd8 39. Rxd8+
Kxd8 40. Bxg7 h5 41. Ne6+ Kd7 42. Ng5 Nc5 43. Nf3 Ke6 44. b4 Nd3 45. Bc3 Nf4
46. Nd4+ 1/2-1/2

[Event "XLIII Festival A"]
[Site "Imperia ITA"]
[Date "2001.09.04"]
[Round "3"]
[White "Barlocco, Carlo"]
[Black "Biolek, Richard sr"]
[WhiteElo "2130"]
[BlackElo "2434"]
[Result "1/2-1/2"]
[PlyCount "111"]
[EventDate "2001.09.02"]

1. d4 Nf6 2. Nc3 e6 3. Bg5 d5 4. e4 Be7 5. e5 Nfd7 6. h4 a6 7. Qg4 f5 8. Qf4 c5
9. Nf3 Nc6 10. O-O-O cxd4 11. Ne2 Qc7 12. Bxe7 Nxe7 13. Nexd4 Nc5 14. h5 O-O
15. Nb3 Nxb3+ 16. axb3 Bd7 17. Nd4 Nc6 18. Nxc6 bxc6 19. Rh3 c5 20. Rc3 Qb6 21.
h6 g6 22. Be2 a5 23. Qg5 Rf7 24. Bh5 Kh8 25. Be2 Be8 26. g4 d4 27. Rg3 Qc7 28.
f4 a4 29. Bc4 a3 30. bxa3 Rxa3 31. Kd2 Ra2 32. b4 Rb2 33. Bxe6 cxb4 34. Bb3
fxg4 35. Kc1 Rf5 36. Qxg4 Rxb3 37. Rxb3 Qa5 38. Qf3 Bf7 39. Rb2 b3 40. Rxb3
Bxb3 41. Qxb3 Rf8 42. Qb2 Kg8 43. Qxd4 Qa3+ 44. Kd2 g5 45. Rg1 Qa5+ 46. Ke2 Rd8
47. Rxg5+ Kf8 48. Qe3 Qb4 49. e6 Qc4+ 50. Ke1 Rd6 51. Re5 Qxc2 52. Qc5 Qd2+ 53.
Kf1 Qxf4+ 54. Kg2 Qg4+ 55. Kf2 Qf4+ 56. Kg2 1/2-1/2

[Event "XLIII Festival A"]
[Site "Imperia ITA"]
[Date "2001.09.04"]
[Round "3"]
[White "Basso, Fabrice"]
[Black "Barberi, Alessandro"]
[WhiteElo "2212"]
[BlackElo "2140"]
[Result "1-0"]
[PlyCount "41"]
[EventDate "2001.09.02"]

1. e4 c5 2. Nf3 d6 3. d4 cxd4 4. Nxd4 Nf6 5. Nc3 g6 6. Be3 Bg7 7. f3 O-O 8. Qd2
Nc6 9. Bc4 Bd7 10. Bb3 Qa5 11. h4 Rfc8 12. h5 Nxh5 13. g4 Nxd4 14. Bxd4 Bxd4
15. Qxd4 Rxc3 16. bxc3 Nf6 17. O-O-O Rc8 18. Kb2 Qc5 19. e5 Ne8 20. Bxf7+ Kxf7
21. e6+ 1-0

[Event "XLIII Festival A"]
[Site "Imperia ITA"]
[Date "2001.09.04"]
[Round "3"]
[White "Krouzel, Jaroslav"]
[Black "Pernigotti, Carlo"]
[WhiteElo "2215"]
[BlackElo "2156"]
[Result "0-1"]
[PlyCount "64"]
[EventDate "2001.09.02"]

1. d4 d5 2. Nf3 Nf6 3. e3 c5 4. c3 e6 5. Bd3 Nc6 6. O-O Qc7 7. Nbd2 Be7 8. dxc5
Bxc5 9. e4 O-O 10. Qe2 Be7 11. e5 Nd7 12. Re1 f6 13. exf6 Nxf6 14. Nb3 e5 15.
Nxe5 Nxe5 16. Qxe5 Bd6 17. Qd4 Bxh2+ 18. Kh1 Bd6 19. Bg5 Bd7 20. Qh4 h6 21. Be3
Ne4 22. Qh5 Rf5 23. Qg6 Raf8 24. Bxe4 dxe4 25. Bd4 Rg5 26. Qxe4 Rh5+ 27. Kg1
Bh2+ 28. Kf1 Bb5+ 29. Re2 Be5 30. g3 Bxe2+ 31. Kxe2 Bxd4 32. Nxd4 Re5 0-1

[Event "XLIII Festival A"]
[Site "Imperia ITA"]
[Date "2001.09.04"]
[Round "3"]
[White "Maksimovic, Suzana"]
[Black "Chatalbashev, Boris"]
[WhiteElo "2294"]
[BlackElo "2496"]
[Result "0-1"]
[PlyCount "70"]
[EventDate "2001.09.02"]

1. c4 b6 2. Nc3 Bb7 3. e4 e5 4. d3 g6 5. h4 h5 6. Be2 Nc6 7. Bg5 Be7 8. Nf3 Nd4
9. Nxd4 exd4 10. Nb5 Bxg5 11. hxg5 a6 12. Nxd4 Qxg5 13. Qd2 Qf6 14. Qc3 Ne7 15.
Rh3 d6 16. O-O-O O-O-O 17. Kb1 c5 18. Nf5 Qxc3 19. Nxe7+ Kd7 20. bxc3 Kxe7 21.
f4 Kf6 22. Kc2 b5 23. Bf3 Bc8 24. Rh4 bxc4 25. dxc4 Be6 26. Kd3 Rb8 27. Rdh1
Rhe8 28. g4 hxg4 29. Bxg4 Bxg4 30. Rxg4 Rh8 31. Rf1 Rh3+ 32. Kc2 Rh2+ 33. Kd3
Rbb2 34. e5+ Ke6 35. exd6 Rh3+ 0-1

[Event "XLIII Festival A"]
[Site "Imperia ITA"]
[Date "2001.09.04"]
[Round "3"]
[White "Mozny, Milos"]
[Black "Todor, Razvan"]
[WhiteElo "2385"]
[BlackElo "2217"]
[Result "1-0"]
[PlyCount "37"]
[EventDate "2001.09.02"]

1. d4 f5 2. Nf3 g6 3. h3 d6 4. g4 fxg4 5. hxg4 Bxg4 6. Ng5 Bh6 7. Nc3 Bxg5 8.
Bxg5 h6 9. Qd3 Qd7 10. f3 Be6 11. d5 Bf7 12. Bh3 Qd8 13. O-O-O a6 14. e4 Nd7
15. f4 c6 16. e5 dxe5 17. fxe5 Nxe5 18. Qe2 Nd7 19. d6 1-0

[Event "XLIII Festival A"]
[Site "Imperia ITA"]
[Date "2001.09.04"]
[Round "3"]
[White "Papan, Cyril"]
[Black "Faraci, Antonino"]
[WhiteElo "2165"]
[BlackElo "2115"]
[Result "1-0"]
[PlyCount "75"]
[EventDate "2001.09.02"]

1. d4 c5 2. d5 d6 3. e4 Nf6 4. f3 g6 5. c4 Bg7 6. Nc3 O-O 7. Be3 e6 8. Bd3 exd5
9. cxd5 Nbd7 10. Nge2 a6 11. a4 Rb8 12. Nc1 Re8 13. Qd2 Qc7 14. a5 b5 15. axb6
Qxb6 16. Rb1 Bb7 17. O-O Nxd5 18. Bf2 Nxc3 19. bxc3 Qa5 20. Ne2 Qc7 21. Bc4 Nb6
22. Ba2 Bc6 23. Bg3 Rbd8 24. Rbd1 Be5 25. Qh6 Bg7 26. Qg5 Nc8 27. Qxc5 Be5 28.
Bxe5 Rxe5 29. Qd4 Ra5 30. Bb3 Re8 31. Qf6 Rae5 32. Nd4 Bb5 33. c4 Bxc4 34. Ba4
R8e7 35. Kh1 Rc5 36. Nb3 Bxb3 37. Bxb3 a5 38. Bd5 1-0

[Event "XLIII Festival A"]
[Site "Imperia ITA"]
[Date "2001.09.04"]
[Round "3"]
[White "Payen, Arnaud"]
[Black "Pohl, Walter"]
[WhiteElo "2353"]
[BlackElo "2083"]
[Result "1-0"]
[PlyCount "59"]
[EventDate "2001.09.02"]

1. e4 c5 2. Nf3 Nc6 3. d4 cxd4 4. Nxd4 Nf6 5. Nc3 e5 6. Nf5 d5 7. exd5 Bxf5 8.
dxc6 bxc6 9. Qf3 Qd7 10. Bg5 e4 11. Qe2 Bb4 12. Bxf6 gxf6 13. Qe3 O-O 14. Bc4
Kh8 15. O-O Rae8 16. Rad1 Qe7 17. Kh1 Rg8 18. Qf4 Bxc3 19. Qxf5 Rg5 20. Qh3
Bxb2 21. Rd7 Qe5 22. Bxf7 Re7 23. Qh6 Rg8 24. Rxe7 Qxe7 25. Bxg8 Kxg8 26. Rd1
c5 27. Qh3 Bd4 28. c3 e3 29. fxe3 Qxe3 30. Qg4+ 1-0

[Event "XLIII Festival A"]
[Site "Imperia ITA"]
[Date "2001.09.04"]
[Round "3"]
[White "Sulava, Nenad"]
[Black "Abolianin, Arthur"]
[WhiteElo "2531"]
[BlackElo "2385"]
[Result "1-0"]
[PlyCount "45"]
[EventDate "2001.09.02"]

1. d4 d5 2. Nf3 c6 3. c4 Nf6 4. Nc3 a6 5. a4 g6 6. e3 Bg7 7. Bd3 O-O 8. O-O c5
9. Nxd5 Nxd5 10. cxd5 cxd4 11. e4 e6 12. dxe6 Bxe6 13. Ng5 Bc8 14. f4 Nc6 15.
Bd2 h6 16. Nf3 Be6 17. Qe1 Re8 18. Qg3 Qd6 19. h4 Kh8 20. Rae1 Rad8 21. h5 g5
22. e5 gxf4 23. Qxg7+ 1-0

[Event "XLIII Festival A"]
[Site "Imperia ITA"]
[Date "2001.09.05"]
[Round "4"]
[White "Chatalbashev, Boris"]
[Black "Payen, Arnaud"]
[WhiteElo "2496"]
[BlackElo "2353"]
[Result "1-0"]
[PlyCount "71"]
[EventDate "2001.09.02"]

1. d4 d5 2. c4 e6 3. Nc3 Be7 4. Nf3 Nf6 5. Bg5 h6 6. Bh4 O-O 7. e3 b6 8. Qc2
Bb7 9. Bxf6 Bxf6 10. cxd5 exd5 11. O-O-O Nc6 12. Kb1 Bc8 13. a3 Ne7 14. Bd3 Bg4
15. e4 Bxf3 16. gxf3 Bxd4 17. exd5 Bxc3 18. Qxc3 Kh8 19. Rhg1 Rg8 20. Bc2 Qd6
21. Qd3 g6 22. Qd4+ Kh7 23. h4 Nf5 24. Qg4 Qf6 25. h5 Rae8 26. Rh1 Re2 27.
hxg6+ fxg6 28. Qc4 Rxf2 29. Qxc7+ Rg7 30. d6 Qf7 31. Rdg1 Kh8 32. Re1 b5 33.
Reg1 Kh7 34. Rc1 a5 35. d7 b4 36. axb4 1-0

[Event "XLIII Festival A"]
[Site "Imperia ITA"]
[Date "2001.09.05"]
[Round "4"]
[White "Lacrosse, Marc"]
[Black "De Palma, Diego"]
[WhiteElo "2285"]
[BlackElo "2150"]
[Result "1-0"]
[PlyCount "63"]
[EventDate "2001.09.02"]

1. d4 f5 2. g3 Nf6 3. Bg2 d6 4. Nf3 g6 5. O-O Bg7 6. c4 O-O 7. Nc3 Qe8 8. d5 c6
9. Rb1 a5 10. a3 Na6 11. dxc6 bxc6 12. b4 axb4 13. axb4 Rb8 14. b5 cxb5 15.
cxb5 Nc5 16. Nd4 Qf7 17. Nc6 Rb6 18. Be3 f4 19. Bxc5 dxc5 20. Na4 Rxc6 21. bxc6
fxg3 22. hxg3 Bg4 23. Nxc5 Qc4 24. Qb3 Bxe2 25. Qxc4+ Bxc4 26. Rfc1 Bd5 27. Nd7
Bxg2 28. Kxg2 Rc8 29. Nb6 Rc7 30. Na8 Rc8 31. c7 Ne8 32. Rb8 1-0

[Event "XLIII Festival A"]
[Site "Imperia ITA"]
[Date "2001.09.05"]
[Round "4"]
[White "Machalek, Bedrich"]
[Black "Faraci, Antonino"]
[WhiteElo "2056"]
[BlackElo "2115"]
[Result "1-0"]
[PlyCount "47"]
[EventDate "2001.09.02"]

1. e4 c5 2. c3 a6 3. d4 cxd4 4. cxd4 d5 5. e5 e6 6. a3 Nc6 7. Nf3 Bd7 8. Bd3 b5
9. Nc3 Qb6 10. Be3 g6 11. O-O Bg7 12. Ng5 h6 13. Nxf7 Kxf7 14. Qf3+ Ke7 15.
Bxg6 Be8 16. Bxe8 Rxe8 17. Qxd5 exd5 18. Nxd5+ Ke6 19. Nxb6 Nge7 20. f4 h5 21.
Rac1 Nb8 22. Rc7 Rhg8 23. Bd2 Rd8 24. Bc3 1-0

[Event "XLIII Festival A"]
[Site "Imperia ITA"]
[Date "2001.09.05"]
[Round "4"]
[White "Pernigotti, Carlo"]
[Black "Voltolini, Giuseppe"]
[WhiteElo "2156"]
[BlackElo "2266"]
[Result "0-1"]
[PlyCount "112"]
[EventDate "2001.09.02"]

1. e4 c5 2. Nf3 Nc6 3. d4 cxd4 4. Nxd4 Nf6 5. Nc3 e5 6. Ndb5 d6 7. Bg5 a6 8.
Na3 b5 9. Nd5 Be7 10. Bxf6 Bxf6 11. c3 Ne7 12. Nxe7 Bxe7 13. Nc2 Bb7 14. Bd3 d5
15. exd5 Qxd5 16. Ne3 Qc6 17. Qh5 e4 18. Bc2 Rd8 19. O-O O-O 20. Rad1 g6 21.
Qh6 Qc5 22. h4 Qe5 23. Rxd8 Rxd8 24. Rd1 b4 25. Rxd8+ Bxd8 26. cxb4 Qxb2 27.
Bb3 Qc1+ 28. Kh2 Qc3 29. g3 Bc7 30. h5 Qf6 31. Kg1 Bd6 32. hxg6 hxg6 33. Qh3
Bxb4 34. Qd7 Qe7 35. Qd1 Bc5 36. Qe2 Qf6 37. Qd2 Kg7 38. Qc1 Qd4 39. Qc4 Qxc4
40. Bxc4 Bxe3 41. fxe3 f5 42. Kf2 Kf6 43. g4 fxg4 44. Kg3 Bc8 45. Kf4 g5+ 46.
Kxe4 Bb7+ 47. Kd3 g3 48. Ke2 Ke5 49. Kf1 a5 50. Kg1 Bd5 51. Bb5 Bxa2 52. Kg2
Bb3 53. Kxg3 a4 54. Bxa4 Bxa4 55. Kg4 Kf6 56. e4 Bd7+ 0-1

[Event "XLIII Festival A"]
[Site "Imperia ITA"]
[Date "2001.09.05"]
[Round "4"]
[White "Riccio, Eros"]
[Black "Jurek, Josef"]
[WhiteElo "2194"]
[BlackElo "2329"]
[Result "0-1"]
[PlyCount "80"]
[EventDate "2001.09.02"]

1. d4 Nf6 2. Nf3 e6 3. c3 b6 4. Bf4 Bb7 5. e3 g6 6. h3 Bg7 7. Be2 O-O 8. O-O d6
9. a4 a5 10. Na3 Nbd7 11. Bh2 Qe7 12. Nb5 Ne8 13. Nd2 e5 14. dxe5 dxe5 15. Qb3
Nc5 16. Qc2 Nf6 17. Bf3 Nd5 18. Rfd1 Rfd8 19. Nb3 Ne6 20. Rd2 Ng5 21. Qd1 Nxf3+
22. Qxf3 c5 23. Rad1 Bf8 24. Qg3 f6 25. Qg4 Kg7 26. e4 h5 27. Qg3 Nf4 28. Qe3
Ne6 29. Rd6 Bc6 30. Rxd8 Rxd8 31. Qe2 c4 32. Nc1 Nc5 33. Rxd8 Qxd8 34. Na3 Nxe4
35. Qxc4 Qd2 36. Qf1 Qxb2 37. Nc4 Qxc3 38. Nxb6 Bc5 39. Nc8 Nxf2 40. Ne7 Qe3
0-1

[Event "XLIII Festival A"]
[Site "Imperia ITA"]
[Date "2001.09.05"]
[Round "5"]
[White "Barberi, Alessandro"]
[Black "Stoppa, Omar"]
[WhiteElo "2140"]
[BlackElo "2218"]
[Result "1/2-1/2"]
[PlyCount "21"]
[EventDate "2001.09.02"]

1. d4 Nf6 2. c4 c5 3. d5 b5 4. cxb5 a6 5. b6 Qxb6 6. Nc3 d6 7. Nf3 g6 8. Nd2
Bg7 9. e4 Nbd7 10. Be2 O-O 11. O-O 1/2-1/2

[Event "XLIII Festival A"]
[Site "Imperia ITA"]
[Date "2001.09.05"]
[Round "5"]
[White "Cugini, Verter"]
[Black "Musil, Vitezslav"]
[WhiteElo "2207"]
[BlackElo "2130"]
[Result "1-0"]
[PlyCount "77"]
[EventDate "2001.09.02"]

1. e4 e5 2. Nf3 Nc6 3. d4 exd4 4. Nxd4 Nf6 5. Nxc6 bxc6 6. e5 Qe7 7. Qe2 Nd5 8.
c4 Ba6 9. Nd2 f6 10. exf6 Nxf6 11. b3 Qxe2+ 12. Bxe2 Bb4 13. O-O O-O 14. Rd1
Rae8 15. Bf3 d5 16. Bb2 Bb7 17. Rac1 Bd6 18. Nf1 Ne4 19. Ng3 Bc5 20. Bd4 Ba3
21. Rc2 c5 22. Bxe4 dxe4 23. Be3 Bc6 24. Kf1 a5 25. Ke2 a4 26. Bc1 axb3 27.
axb3 Bb4 28. Be3 Ra8 29. Nh5 Ra3 30. Nf4 Rxb3 31. Ne6 Re8 32. Nxc7 Rc8 33. Nb5
Rb8 34. Rd6 Be8 35. g4 Rd3 36. Re6 Rbd8 37. Bg5 Rd1 38. Rxe8+ Kf7 39. Rxe4 1-0

[Event "XLIII Festival A"]
[Site "Imperia ITA"]
[Date "2001.09.05"]
[Round "5"]
[White "De Santis, Alessio"]
[Black "Chatalbashev, Boris"]
[WhiteElo "2353"]
[BlackElo "2496"]
[Result "0-1"]
[PlyCount "58"]
[EventDate "2001.09.02"]

1. d4 c5 2. d5 g6 3. c4 Bg7 4. Nc3 d6 5. e4 e6 6. Bd3 Nf6 7. h3 O-O 8. Nf3 Na6
9. O-O Nc7 10. a4 e5 11. Nh2 Nh5 12. Ne2 f5 13. exf5 gxf5 14. f4 exf4 15. Nxf4
Bd4+ 16. Rf2 Bxf2+ 17. Kxf2 Qh4+ 18. Kf1 Nxf4 19. Nf3 Qg3 20. Qd2 Nxd3 21. Qxd3
f4 22. b4 Bf5 23. Qb3 Rae8 24. Bd2 Na6 25. Be1 Qg6 26. bxc5 Nxc5 27. Qb5 Bd3+
28. Kg1 Re2 29. Bf2 Ne4 0-1

[Event "XLIII Festival A"]
[Site "Imperia ITA"]
[Date "2001.09.05"]
[Round "5"]
[White "Egartner, Wolfgang"]
[Black "Raviola, Giuseppe"]
[WhiteElo "2178"]
[BlackElo "2105"]
[Result "1/2-1/2"]
[PlyCount "27"]
[EventDate "2001.09.02"]

1. d4 Nf6 2. Nf3 d5 3. c4 e6 4. g3 Be7 5. Bg2 O-O 6. O-O Nbd7 7. b3 b6 8. Qc2
Bb7 9. Nc3 Rc8 10. Ne5 c5 11. e3 Qc7 12. Nb5 Qb8 13. Nxd7 Nxd7 14. Bb2 1/2-1/2

[Event "XLIII Festival A"]
[Site "Imperia ITA"]
[Date "2001.09.05"]
[Round "5"]
[White "Jandovsky, Viktor"]
[Black "Frank, Albert"]
[WhiteElo "2170"]
[BlackElo "2034"]
[Result "1-0"]
[PlyCount "47"]
[EventDate "2001.09.02"]

1. e4 c5 2. Nf3 d6 3. d4 cxd4 4. Nxd4 Nf6 5. Nc3 a6 6. Bg5 e6 7. Qd2 h6 8. Bxf6
Qxf6 9. Be2 Nc6 10. Nb3 Bd7 11. O-O Rc8 12. Rad1 Qd8 13. Kh1 Be7 14. f4 Na5 15.
Qd4 Nxb3 16. axb3 O-O 17. Rf3 Bc6 18. Rg3 Bf6 19. Qe3 Qc7 20. Bd3 Bxc3 21. bxc3
e5 22. fxe5 dxe5 23. Qxh6 g6 24. Rh3 1-0

[Event "XLIII Festival A"]
[Site "Imperia ITA"]
[Date "2001.09.05"]
[Round "5"]
[White "Jirovsky, Milos"]
[Black "Jurek, Josef"]
[WhiteElo "2450"]
[BlackElo "2329"]
[Result "1-0"]
[PlyCount "83"]
[EventDate "2001.09.02"]

1. c4 c5 2. Nf3 Nf6 3. Nc3 e6 4. g3 b6 5. Bg2 Bb7 6. O-O Be7 7. d4 cxd4 8. Qxd4
d6 9. Rd1 a6 10. Ng5 Bxg2 11. Kxg2 O-O 12. Nce4 Ra7 13. Qd3 Nbd7 14. Bf4 h6 15.
Nf3 Nc5 16. Nxc5 bxc5 17. e4 Rd7 18. Re1 Qb6 19. Bd2 Rfd8 20. Bc3 d5 21. exd5
exd5 22. Ne5 Rb7 23. cxd5 Nxd5 24. Qf3 Nxc3 25. Qxf7+ Kh7 26. Qf5+ Kg8 27. bxc3
Bf6 28. Rad1 Bxe5 29. Rxd8+ Qxd8 30. Rxe5 Rc7 31. Rxc5 Qa8+ 32. Kg1 Rxc5 33.
Qxc5 Qe4 34. Qc8+ Kh7 35. Qxa6 Qe1+ 36. Qf1 Qxc3 37. Qb1+ Kh8 38. a4 Qe5 39. h4
h5 40. Qb5 Qe1+ 41. Kg2 Qe4+ 42. Kh2 1-0

[Event "XLIII Festival A"]
[Site "Imperia ITA"]
[Date "2001.09.05"]
[Round "5"]
[White "Raineri, Valerio"]
[Black "Gross, Stefan"]
[WhiteElo "2167"]
[BlackElo "2391"]
[Result "0-1"]
[PlyCount "52"]
[EventDate "2001.09.02"]

1. e4 c5 2. Nf3 d6 3. d4 cxd4 4. Nxd4 Nf6 5. Nc3 Nc6 6. Bg5 Qb6 7. Nb3 e6 8.
Be2 a6 9. Qd2 Be7 10. O-O-O O-O 11. Bd3 Qc7 12. g4 b5 13. f3 Nd7 14. Be3 Nb6
15. Bxb6 Qxb6 16. Qg2 b4 17. Ne2 a5 18. Nd2 a4 19. Qg1 Qc7 20. Kb1 Ba6 21. Nc1
Rfc8 22. Qf2 Ne5 23. Nf1 b3 24. Ne3 bxc2+ 25. Bxc2 a3 26. b3 Qc3 0-1

[Event "XLIII Festival A"]
[Site "Imperia ITA"]
[Date "2001.09.05"]
[Round "5"]
[White "Voltolini, Giuseppe"]
[Black "Biolek, Richard sr"]
[WhiteElo "2266"]
[BlackElo "2434"]
[Result "1/2-1/2"]
[PlyCount "81"]
[EventDate "2001.09.02"]

1. d4 Nf6 2. c4 g6 3. Nc3 Bg7 4. e4 O-O 5. Nf3 d6 6. Be2 e5 7. dxe5 dxe5 8.
Qxd8 Rxd8 9. Bg5 Re8 10. Nd5 Nxd5 11. cxd5 c6 12. Bc4 cxd5 13. Bxd5 Nc6 14.
Bxc6 bxc6 15. O-O Be6 16. Rfc1 Reb8 17. b3 a5 18. Rxc6 a4 19. Rb1 h6 20. Be3
axb3 21. axb3 Rxb3 22. Rxb3 Ra1+ 23. Rc1 Rxc1+ 24. Bxc1 Bxb3 25. Be3 h5 26. g3
f6 27. Nd2 Ba2 28. f4 exf4 29. gxf4 Kf7 30. Kf2 Bf8 31. Bd4 Ke6 32. Ke3 Bd6 33.
Nf3 Bb1 34. Bxf6 Kxf6 35. e5+ Bxe5 36. fxe5+ Kf5 37. e6 Kxe6 38. Kf4 Kf6 39. h4
Bd3 40. Nd4 Bf5 41. Nf3 1/2-1/2

[Event "XLIII Festival A"]
[Site "Imperia ITA"]
[Date "2001.09.06"]
[Round "6"]
[White "Astengo, Marcello"]
[Black "Raineri, Valerio"]
[WhiteElo "2005"]
[BlackElo "2167"]
[Result "1-0"]
[PlyCount "55"]
[EventDate "2001.09.02"]

1. d4 Nf6 2. c4 g6 3. d5 Bg7 4. Nc3 d6 5. e4 e5 6. Bd3 Nbd7 7. Nge2 Nc5 8. Bc2
a5 9. O-O O-O 10. Bg5 h6 11. Be3 Nh5 12. Qd2 Kh7 13. Rad1 f5 14. Bxc5 dxc5 15.
d6 Be6 16. Nb5 cxd6 17. exf5 Bxf5 18. Bxf5 gxf5 19. Nxd6 Qe7 20. Qd3 b6 21.
Nxf5 Qf6 22. Neg3 Nf4 23. Qe4 Kh8 24. Rd6 Qg5 25. h4 Qg4 26. f3 Ne2+ 27. Qxe2
Qf4 28. Qe4 1-0